| 000 | 00630nam a22001817a 4500 | ||
|---|---|---|---|
| 008 | 170804b xxu||||| |||| 00| 0 eng d | ||
| 020 | _a0-13-320235-6 | ||
| 082 |
_21995 _aDC 371.334 _bAl5 |
||
| 100 |
_921621 _aAllen, Michael W., 1946- |
||
| 245 |
_aAuthorware models for instructional design : _bfor Windows/ _cMichael W Allen |
||
| 260 |
_aEnglewood Cliffs, New Jersey : _bPrentice-Hall, _c©1995. |
||
| 300 |
_a1 v. (various paging) _c24 cm. |
||
| 650 | 0 |
_921622 _aMacromedia Authorware |
|
| 650 | 0 |
_921624 _aMultimedia systems |
|
| 650 | 0 |
_921625 _aComputer-assisted instruction |
|
| 365 |
_b4,862.00 _cPhp |
||
| 942 |
_2ddc _cDC |
||
| 999 |
_c7158 _d7158 |
||